000 00649nam a2200205Ii 4500
003 JO-AjNU
008 230605s9999||||xx |||||||||||||| ||und||
040 _aJO-AjNU
_bara
_erda
_cJO-AjNU
041 _aara
050 1 4 _aBJ1291.1987
100 3 _aنوفل،تاج الدين,
_eauthor
_913068
245 0 0 _aالسعي الى الآخرة
250 _aط2
264 3 1 _aبيروت-القاهرة:دار الجيل، مكتبة التراث الاسلامي ،1987
300 _a128ص
336 _atext
_btxt
_2rdacontent
337 _aunmediated
_bn
_2rdamedia
338 _avolume
_bnc
_2rdacarrier
650 4 _aاخلاق اسلامية
_913069
999 _aA3156
_c6724
_d6724